| 000 | 01172aab a2200241 i 4500 | ||
|---|---|---|---|
| 001 | 768714001 | ||
| 003 | CO-MdFUSB | ||
| 005 | 20240716082959.0 | ||
| 008 | 240716t2004 sz ||||| |||| 00| 0 eng d | ||
| 040 |
_bspa _cCO-MdFUSB |
||
| 041 | _aeng | ||
| 100 | 1 |
_aBrinkman, Martien _eautor |
|
| 245 | 1 | 0 |
_aJustification as reconciliation _c/ Martien Brinkman |
| 520 | _aEl núcleo de la fe y la teología cristianas no se ocupa de la doctrina, sino del Dios que se reveló en su hijo Jesucristo. La fe está ante todo centrada en Dios y no fijada en el problema de salvación. El motivo central de la doctrina de la justificación es la descripción del giro inmerecido de Dios hacia los humanos pecadores. La intención de esta descripción es invitarnos a participar en la salvación basada en el sufrimiento y la muerte vicarios de Cristo. | ||
| 546 | _aTexto en inglés. | ||
| 650 | 7 |
_aDios _9178 |
|
| 650 | 7 |
_aJustificación _9415 |
|
| 650 | 7 |
_aFe _9531 |
|
| 650 | 0 |
_aSalvación _948 |
|
| 773 | 0 |
_tReformed World _049396 _959509 _gVolumen 54, (número 2, 2004) páginas: 69 - 75 _qpágina: 69 |
|
| 942 | _cANA | ||
| 945 | _aCatherine Arias Álvarez - Practicante SENA | ||
| 999 |
_c59792 _d59792 |
||